<?xml version="1.0" encoding="UTF-8"?>
<collection xmlns="http://www.loc.gov/MARC21/slim">
 <record>
  <leader>01715nam a2200229Ia 4500</leader>
  <controlfield tag="001">CTU_139810</controlfield>
  <controlfield tag="008">210402s9999    xx            000 0 und d</controlfield>
  <datafield tag="020" ind1=" " ind2=" ">
   <subfield code="c">150000</subfield>
  </datafield>
  <datafield tag="082" ind1=" " ind2=" ">
   <subfield code="a">657</subfield>
  </datafield>
  <datafield tag="082" ind1=" " ind2=" ">
   <subfield code="b">B450</subfield>
  </datafield>
  <datafield tag="110" ind1=" " ind2=" ">
   <subfield code="a">Bộ Tài chính</subfield>
  </datafield>
  <datafield tag="110" ind1=" " ind2=" ">
   <subfield code="b">Vụ Chế độ Kế toán và Kiểm toán</subfield>
  </datafield>
  <datafield tag="245" ind1=" " ind2="0">
   <subfield code="a">Tài liệu bồi dưỡng kế toán trưởng doanh nghiệp :</subfield>
  </datafield>
  <datafield tag="245" ind1=" " ind2="0">
   <subfield code="b">(Soạn thảo theo Quyết định số 43/2004/QĐ-BTC ngày 26/04/2004 và sửa đổi, bổ sung theo Quyết  định số 98/2007/QĐ-BTC ngày 03/12/2007 của Bộ trưởng Bộ Tài chính ban hành &quot;Quy chế tổ chức bồi dưỡng và cấp chứng chỉ kế toán trưởng&quot;)</subfield>
  </datafield>
  <datafield tag="245" ind1=" " ind2="0">
   <subfield code="c">Bộ Tài chính. Vụ Chế độ Kế toán và Kiểm toán</subfield>
  </datafield>
  <datafield tag="260" ind1=" " ind2=" ">
   <subfield code="a">Hà Nội</subfield>
  </datafield>
  <datafield tag="260" ind1=" " ind2=" ">
   <subfield code="b">Tài chính</subfield>
  </datafield>
  <datafield tag="260" ind1=" " ind2=" ">
   <subfield code="c">2008</subfield>
  </datafield>
  <datafield tag="520" ind1=" " ind2=" ">
   <subfield code="a">Cuốn sách cập nhật kịp thời, đầy đủ các nội dung mới của Luật Doanh nghiệp ngày 29/11/2005, có hiệu lực từ ngày 01/07/2006; Luật Cạnh tranh ngày 3/12/2006; Bộ luật dân sự ngày 14/06/2005; Các luật thuế mới (Luật Quản lý thuế ngày 29/11/2006; Luật Thuế thu nhập cá nhân ngày 21/11/2007) và các Luật thuế sửa đổi bổ sung khác; Luật Kiểm toán Nhà nước ngày 14/06/2005 và các quy định mới về kế toán doanh nghiệp.</subfield>
  </datafield>
  <datafield tag="650" ind1=" " ind2=" ">
   <subfield code="a">Managerial accounting,Managerial economics,Accounting</subfield>
  </datafield>
  <datafield tag="904" ind1=" " ind2=" ">
   <subfield code="i">Giang</subfield>
  </datafield>
  <datafield tag="980" ind1=" " ind2=" ">
   <subfield code="a">Trung tâm Học liệu Trường Đại học Cần Thơ</subfield>
  </datafield>
 </record>
</collection>
